Materials development in language teaching (Record no. 1395192)

MARC details
000 -LEADER
fixed length control field 00637nam a2200217Ia 4500
005 - DATE AND TIME OF LATEST TRANSACTION
control field 20250508165444.0
008 - FIXED-LENGTH DATA ELEMENTS--GENERAL INFORMATION
fixed length control field 008 250505s9999 xx 000 0 eng d
037 ## - SOURCE OF ACQUISITION
Stock number TextBook
040 ## - CATALOGING SOURCE
Original cataloging agency FEDL
Language of cataloging eng
Transcribing agency FEDL
041 ## - LANGUAGE CODE
Language code of text/sound track or separate title eng
Source of code eng
084 ## - COLON CLASSIFICATION NUMBER
Classification number 418.007 1, TOM/R
Assigning agency FEDL
100 ## - MAIN ENTRY--PERSONAL NAME
Personal name Tomlinson Brian Ed.
9 (RLIN) 34952
245 #0 - TITLE STATEMENT
Title Materials development in language teaching
250 ## - EDITION STATEMENT
Edition statement 2
260 ## - PUBLICATION, DISTRIBUTION, ETC.
Place of publication, distribution, etc. Delhi, India
Name of publisher, distributor, etc. Cambridge University Press
Date of publication, distribution, etc. 2011
300 ## - PHYSICAL DESCRIPTION
Extent xix, 451p.
365 ## - TRADE PRICE
Price type code INR
Price amount 2935
490 ## - SERIES STATEMENT
Series statement Cambridge Language Teaching Library
942 ## - ADDED ENTRY ELEMENTS (KOHA)
Koha item type Textbook
Classification part 418.007 1, TOM/R
Holdings
Withdrawn status Lost status Damaged status Not for loan Home library Current library Date acquired Cost, normal purchase price Total Checkouts Full call number Barcode Date last seen Price effective from Koha item type
        Department of Education Library Department of Education Library 2025-05-08 2935.00   418.007 1, TOM/R EL0088830 2025-05-08 2025-05-08 Textbook
Copyright @ Delhi University Library System